Kniha velkých vynálezů /

Hlavní autor: Oxlade, Chris, 1961-
Další autoři: Parker, Steve, 1952-, Hawkes, Nigel, 1943-, Russell, David, Thompson, Ian, Karbanová, Hana
Jazyk: Čeština
Vydáno: Bratislava : Mladé letá, 1996
Vydání: 1. vydání
Témata:
Fyzický popis: 127 stran : ilustrace (převážně barevné) ; 30 cm
Knihy
Uloženo v:
LEADER 02003nam a2200541 i 4500
001 001827965
003 CZ BrMZK
005 20220818060113.0
007 ta
008 220627s1996 xo a c f 001 0 cze
020 |a 80-06-00715-2 
040 |a BOA001  |b cze  |e rda 
041 1 |a cze  |h eng 
072 7 |a 00  |x Věda. Všeobecnosti. Základy vědy a kultury. Vědecká práce  |2 Konspekt  |9 12 
072 7 |a 0/9-053.2  |x Literatura pro děti a mládež (naučná)  |2 Konspekt  |9 26 
080 |a 001.894  |2 MRF 
080 |a 62(091)  |2 MRF 
080 |a 001(091)  |2 MRF 
080 |a (0.062)  |2 MRF 
080 |a (0.053.2)  |2 MRF 
100 1 |a Oxlade, Chris,  |d 1961-  |7 jn20010309766  |4 aut 
240 1 0 |a Book of great inventions.  |l Česky 
245 1 0 |a Kniha velkých vynálezů /  |c Chris Oxlade, Steve Parker, Nigel Hawkes ; ilustrace David Russell, Ian Thompson 
250 |a 1. vydání 
264 1 |a Bratislava :  |b Mladé letá,  |c 1996 
300 |a 127 stran :  |b ilustrace (převážně barevné) ;  |c 30 cm 
336 |a text  |b txt  |2 rdacontent 
336 |a statický obraz  |b sti  |2 rdacontent 
337 |a bez média  |b n  |2 rdamedia 
338 |a svazek  |b nc  |2 rdacarrier 
500 |a Z angličtiny přeložila Hana Karbanová 
500 |a Chronologický přehled 
500 |a Terminologický slovník 
500 |a Obsahuje rejstřík 
650 0 7 |a objevy a vynálezy  |7 ph123593  |2 czenas 
650 0 7 |a dějiny techniky  |7 ph272099  |2 czenas 
650 0 7 |a dějiny vědy  |7 ph137169  |2 czenas 
655 7 |a populárně-naučné publikace  |7 fd131864  |2 czenas 
655 7 |a publikace pro děti  |7 fd133156  |2 czenas 
700 1 |a Parker, Steve,  |d 1952-  |7 jn20010310245  |4 aut 
700 1 |a Hawkes, Nigel,  |d 1943-  |7 xx0165059  |4 aut 
700 1 |a Russell, David  |4 ill 
700 1 |a Thompson, Ian  |4 ill 
700 1 |a Karbanová, Hana  |7 xx0146281  |4 trl 
910 |a BOA001  |b 4-1488.700 
990 |a BK 
991 |b 202208 
996 7 |b 2610908477  |c 4-1488.700  |l MZK  |r Sklad / do 1 hodiny  |n 0  |p dar  |w 001893917  |u 000010  |a 1  |e BOA001  |j MZK50  |s A